| 000 | 00576nam a22001817a 4500 | ||
|---|---|---|---|
| 999 |
_c7220 _d7220 |
||
| 003 | GBCCL | ||
| 005 | 20241126110622.0 | ||
| 008 | 180719b ||||| |||| 00| 0 eng d | ||
| 040 | _cgbc | ||
| 082 |
_a657.83500954 _bMUT |
||
| 100 |
_aMuthuswamy, P. _912787 |
||
| 245 |
_aSwamy's compilation of introduction to Indian government accounts and audit [corrected up to 1st February, 1989] / _cP. Muthuswamy |
||
| 250 | _a4th ed. | ||
| 260 |
_bSwamy Publishers, _aMadras: _c1989 |
||
| 300 |
_a264 p.; _bill., _c20 cm. |
||
| 650 |
_aAccounts and Audit _zIndia _912788 |
||
| 942 |
_2ddc _cBK |
||